Análisis estructurado moderno (Registro nro. 173)

Detalles MARC
000 -LEADER
fixed length control field 01798 a2200253 4500
001 - CONTROL NUMBER
control field 261
005 - DATE AND TIME OF LATEST TRANSACTION
control field 20260407155417.0
008 - FIXED-LENGTH DATA ELEMENTS--GENERAL INFORMATION
fixed length control field 260407a1993 arg spa d
003 - CONTROL NUMBER IDENTIFIER
control field AR-UNSa-BCEJYS
040 ## - CATALOGING SOURCE
Original cataloging agency AR-UNSa-BCEJYS
Language of cataloging spa
Transcribing agency AR-UNSa-BCEJYS
080 ## - UNIVERSAL DECIMAL CLASSIFICATION NUMBER
Universal Decimal Classification number 004.41
Common auxiliary subdivision Ingenieria de software
020 ## - INTERNATIONAL STANDARD BOOK NUMBER
International Standard Book Number 978-968-880-303-5
041 ## - LANGUAGE CODE
Language code of text/sound track or separate title spa
100 1# - MAIN ENTRY--PERSONAL NAME
Personal name Yourdon, Edward
245 10 - TITLE STATEMENT
Title Análisis estructurado moderno
264 #1 - PRODUCTION, PUBLICATION, DISTRIBUTION, MANUFACTURE, AND COPYRIGHT NOTICE
Place of production, publication, distribution, manufacture México :
Name of producer, publisher, distributor, manufacturer Prentice-Hall
Date of production, publication, distribution, manufacture, or copyright notice 1993
300 ## - PHYSICAL DESCRIPTION
Extent x, 735 p.
Dimensions 23 cm
505 ## - FORMATTED CONTENTS NOTE
Formatted contents note 1. Introducción - 2. La naturaleza de los sistemas - 3. Los participantes en el juego de los sistemas - 4. Herramientas del análisis estructurado - 5. El ciclo de vida del proyecto - 6. Aspectos importantes en el desarrollo de sistemas - 7. Cambios en el análisis de sistemas - 8. Características de las herramientas de modelado - 9. Diagramas de flujo de datos - 10. El diccionario de datos - 11. Especificaciones de proceso - 12. Diagramas de entidad-relación - 13. Diagramas de transición de estados - 14. Balanceo de modelos - 15. Herramientas adicionales de modelado - 16. Herramientas de modelado para administración de proyectos - 17. El modelo esencial - 18. El modelo ambiental - 19. Construcción de un modelo preliminar de comportamiento - 20. Terminado del modelo de comportamiento - 21. El modelo de implantación del usuario - 22. Pasando al diseño - 23. Programación y prueba - 24. Mantenimiento de la especificación - 25. El futuro del análisis estructurado
590 ## - LOCAL NOTE (RLIN)
Local note niveau_biblio:m niveau_hierar:0
700 1# - ADDED ENTRY--PERSONAL NAME
Personal name Taylor Armitage, Alexandra
700 1# - ADDED ENTRY--PERSONAL NAME
Personal name Levine Gutiérrez, Guillermo
856 41 - ELECTRONIC LOCATION AND ACCESS
Uniform Resource Identifier <a href="https://biblioeco.unsa.edu.ar/pmb/images/libros/An?lisis estructurado moderno Yourdon, Edward (1993).jpg">https://biblioeco.unsa.edu.ar/pmb/images/libros/An?lisis estructurado moderno Yourdon, Edward (1993).jpg</a>
Link text Imagen de portada
Electronic format type image/jpeg
942 ## - ADDED ENTRY ELEMENTS (KOHA)
Koha item type
Existencias
Withdrawn status Lost status Damaged status Not for loan Home library Current library Shelving location Date acquired Total checkouts Full call number Barcode Date last seen Price effective from Koha item type
        Biblioteca Prof. Eusebio Cleto del Rey Biblioteca Prof. Eusebio Cleto del Rey   07/04/2026   004.41 Y81 L117754 07/04/2026 07/04/2026 Libro